Brawl Stars: Mastery to Brawler - Statistics

General Stats
  • This quiz has been taken 237 times
  • The average score is 9 of 11
Answer Stats
Question Answer % Correct
CEO of Brawl Stars Edgar
98%
I AM SPEED! Max
94%
Tree hugger Sprout
94%
The Salty Penny
81%
The Watcher RT
81%
One of a Kind Spike
81%
Wicked Stu
80%
In your face! Sam
75%
The Reckless Bonnie
71%
The Keeper Does not Exist
65%
Bonus Question: Which of the following Brawler got his mastery title changed Pearl
61%
No matching quizzes found
Score Distribution
Percent of People with Each Score
Percentile by Number Answered
Your Score History
You have not taken this quiz